Germany Squad UEFA EURO 2024 Football / Soccer - Statistics

General Stats
  • This quiz has been taken 153 times
  • The average score is 19 of 27
Answer Stats
No. Position Team Answer % Correct
1 GK Bayern München Manuel Neuer
99%
2 DF Real Madrid Antonio Rüdiger
97%
6 DF Bayern München Joshua Kimmich
91%
7 FW Arsenal London Kai Havertz
90%
8 MF Real Madrid Toni Kroos
90%
17 MF Bayer Leverkusen Florian Wirtz
88%
10 MF Bayern München Jamal Musiala
88%
22 GK FC Barcelona Marc-André ter Stegen
88%
4 DF Bayer Leverkusen Jonathan Tah
86%
21 MF FC Barcelona Ilkay Gündogan
74%
19 MF Bayern München Leroy Sané
74%
13 FW Bayern München Thomas Müller
72%
3 DF RB Leipzig David Raum
69%
9 FW Borussia Dortmund Niclas Füllkrug
69%
TR Coach Germany Julian Nagelsmann
68%
15 DF Borussia Dortmund Nico Schlotterbeck
65%
5 MF Brighton & Hove Albion Pascal Gross
64%
26 FW VfB Stuttgart Deniz Undav
61%
23 MF Bayer Leverkusen Robert Andrich
60%
12 GK TSG Hoffenheim Oliver Baumann
54%
25 MF Borussia Dortmund Emre Can
52%
18 DF VfB Stuttgart Maximilian Mittelstädt
50%
14 FW TSG Hoffenheim Maximilian Beier
46%
16 DF VfB Stuttgart Waldemar Anton
46%
24 DF Eintracht Frankfurt Robin Koch
45%
20 DF RB Leipzig Benjamin Henrichs
41%
11 MF VfB Stuttgart Chris Führich
41%
No matching quizzes found
Score Distribution
Percent of People with Each Score
Percentile by Number Answered
Your Score History
You have not taken this quiz